000 00874cam a2200277 4500
999 _c61429
_d61429
001 2684181
003 ARRUPE
005 20170612094830.0
008 760527s1972 enkabchj 000 0beng
010 _a 74183757
015 _aB72-08149
020 _a043594469X
040 _aDLC
_cDLC
_dDLC
043 _af-nr---
050 0 0 _aDT515.72.O3
_bI37
082 0 0 _a966.9/3/030924
_aB
100 1 _aIgbafe, Philip Aigbona.
_932484
245 1 0 _aObaseki of Benin.
260 _aLondon,
_bHeinemann Educational,
_c1972.
300 _aviii, 39 p.
_billus., facsims., maps, ports.
_c21 x 15 cm.
350 _a£0.25
440 0 _aAfrican historical biographies,
_v5
_929973
600 1 0 _aObaseki, Agho
_xJuvenile literature.
_932485
651 0 _aNigeria
_xHistory
_y1851-1899
_xJuvenile literature.
_932486
906 _a7
_bcbc
_corignew
_du
_encip
_f19
_gy-gencatlg
942 _2lcc
_cMONOGRAPH